| 000 | 00804nam a2200181Ia 4500 | ||
|---|---|---|---|
| 008 | 090124s9999 xx 000 0 und d | ||
| 082 | _b14074 | ||
| 100 | _aसरदार गंगाधर बाळकृष्ण | ||
| 245 | _a महात्मा फुले : व्यक्तित्व आणि विचार | ||
| 250 | _a1 | ||
| 260 |
_bदिनकर गांगल _c1981 |
||
| 300 | _a227 | ||
| 600 | _aसरदार गंगाधर बाळकृष्ण | ||
| 630 | _a महात्मा फुले : व्यक्तित्व आणि विचार | ||
| 700 | _aसरदार गंगाधर बाळकृष्ण | ||
| 730 | _a महात्मा फुले : व्यक्तित्व आणि विचार | ||
| 942 | _cBOOK | ||
| 999 |
_c98476 _d98476 |
||